000
00328nam a2200133Ia 4500
008
220204s9999 xx 000 0 und d
082
_a
658
_b
APP
100
_a
Appleby, Robert C
245
0
_a
Modern business administration
250
_a
2
260
_a
London
_b
Pitman
_c
1969
650
_a
Business administration
942
_c
BK
999
_c
27874
_d
27874